Το πρώτο ηλεκτρονικό βιβλίο πληροφορικής
Saved in:
| Format: | Electronic |
|---|---|
| Language: | Greek |
| Published: |
Αθήνα :
Νέες Τεχνολογίες,
1995
|
| Subjects: | |
| Tags: |
Add Tag
No Tags, Be the first to tag this record!
|
MARC
| LEADER | 00000cmm a2200000 i 4500 | ||
|---|---|---|---|
| 001 | 1/71987 | ||
| 008 | 050223s1995 gr gre d | ||
| 020 | |a 960-7235-66-5 | ||
| 035 | |l 10076692 | ||
| 040 | |a GR-MY-UA |b gre |e aacr | ||
| 041 | 0 | |a gre | |
| 082 | 0 | |a 004 |2 (21η εκδ.) | |
| 245 | 1 | 3 | |a Το πρώτο ηλεκτρονικό βιβλίο πληροφορικής |h [αρχείο Η/Υ] / |c Μ.Ι.Τ ΑΕ Εκπαιδευτική-Αναπτυξιακή |
| 260 | |a Αθήνα : |b Νέες Τεχνολογίες, |c 1995 | ||
| 300 | |a 1 οπτική δισκέτα λέϊζερ Η/Υ; |c 4 3/4 ίν. | ||
| 505 | 0 | |a Εισαγωγή στους Η/Υ, το MS-DOS, τα Windows, πληκτρολόγιο (τυφλό σύστημα), γνωριμία με τα πολυμέσα (multimedia), ασκήσεις, ερμηνευτικό λεξικό όρων πλήροφορικής (αγγλοελληνικό-ελληνοαγγλικό) | |
| 538 | |a Κάρτα ήχου των 8 bit με ηχεία, 6 MB ελεύθερα στον σκληρό σας δίσκο (αν εγκατασταθεί το λεξικό).Τα μαθήματα εκτελούνται εξ'ολοκλήρου απο τον οδηγό CD-ROM.Προτεινόμενο σύστημα: υπολογιστής 486SX/40, κύρια μνήμη 8MB RAM, οδηγός CD-ROM διπλής ταχύτητας, κάρτα γραφικών και οθόνη VGA έγχρωμη με δυνατότητα απεικόνησης τουλάχιστον 256 χρωμάτων σε ανάλυση 640 x 480. Ελάχιστες απαιτήσεις συστήματος: υπολογιστής 386DX/40, κύρια μνήμη 4MB RAM, οδηγός CD-ROM μονής ταχύτητας, κάρτα γραφικών και οθόνη VGA με δυνατότητα απεικόνησης τουλάχιστον 256 χρωμάτων σε ανάλυση 640x480 | ||
| 650 | 0 | 0 | |a Computers. |
| 650 | 0 | 0 | |a Operating systems (Computers) |
| 650 | 0 | 0 | |a Electronic data processing. |
| 650 | 0 | 0 | |a Computer software. |
| 852 | |a INST |b CHIOS |c AV |e 20050223 |h 004 ΕΚΠ |p 005200022274 |q 005200022274 |t CDROM |y 23 | ||
| 901 | |a BIBL2-2005-1 | ||
| 909 | |a Χ |b 045331 | ||
| 970 | |a ΧΑΖΙΡΗ |b ΑΝΝΑ |z 2005/02/23 | ||